[Event "Frankfurt-ch"]
[Site "Frankfurt"]
[Date "2009.05.04"]
[Round "2"]
[White "Pauly, Markus"]
[Black "Schlosser, Sebastian"]
[Result "1-0"]
[WhiteElo "1883"]
[BlackElo "1402"]
[PlyCount "121"]
[EventDate "2009.04.27"]
[EventType "tourn"]
[EventRounds "7"]
[EventCountry "GER"]
[SourceTitle "EXT 2010"]
[Source "ChessBase"]
[SourceDate "2010.11.25"]
[SourceVersion "1"]
[SourceVersionDate "2010.11.25"]
[SourceQuality "1"]

1. c4 Nf6 2. Nc3 e6 3. e4 d5 4. e5 d4 5. exf6 dxc3 6. bxc3 Qxf6 7. d4 c5 8. Nf3 Qd8 9. Be2 Be7 10. 0-0 0-0 11. Rb1 Nd7 12. Qc2 Qc7 13. Be3 b6 14. Rfd1 Rd8 15. Ng5 Bxg5 16. Bxg5 f6 17. Bh4 Bb7 18. Bg3 e5 19. d5 Qd6 20. Qe4 Nf8 21. Bd3 Re8 22. h4 Bc8 23. Re1 Bd7 24. h5 Re7 25. f4 Rae8 26. fxe5 fxe5 27. Rf1 Qh6 28. Bh4 Rf7 29. Rxf7 Kxf7 30. Rf1+ Kg8 31. Qf3 Qf4 32. Qxf4 exf4 33. Rxf4 Re3 34. Rf3 Rxf3 35. gxf3 g6 36. Be7 gxh5 37. Bxf8 Kxf8 38. Bxh7 Kf7 39. Kf2 h4 40. Be4 Kf6 41. f4 a6 42. Bd3 b5 43. cxb5 axb5 44. a3 Ke7 45. Kf3 Kf6 46. c4 bxc4 47. Bxc4 Ke7 48. Ke4 Kf6 49. Bf1 Bg4 50. a4 h3 51. a5 h2 52. Bg2 Bh3 53. Bh1 Bf1 54. f5 Bb5 55. Kf4 c4 56. d6 c3 57. Ke3 Kf7 58. Bd5+ Ke8 59. f6 Bc4 60. f7+ Kf8 61. d7 1-0